000 00289nam a22001337a 4500
008 181006b xxu||||| |||| 00| 0 eng d
020 _a9781430226291
041 _aeng
080 _a004
100 _a28
101 _aSHKI
245 _aBeginning Android 2
_cMurphy, M
942 _2udc
_cBK
999 _c48974
_d48974